00277nam a2200085Ia 4500008004100000100001800041245007400059260003900133300001900172180323s9999 xx 000 0 und d aJacobs, Linda cWachs, CarolaParent therapy :ba relational to working with children aLondon :b2002cJason Aronson Inc. avii, 235 pages